| 000 | 00860 a2200265 4500 | ||
|---|---|---|---|
| 001 | 200421705 | ||
| 999 |
_c200421705 _d38814 |
||
| 003 | TR-AnTOB | ||
| 005 | 20190322123345.0 | ||
| 008 | 150331b tu 000 0 | ||
| 040 |
_aTR-AnTOB _btur _erda |
||
| 041 | 0 | _atur | |
| 050 | 0 | 0 |
_aHC491 _bB55 1990 |
| 090 | _aHC491 B55 1990 | ||
| 245 | 1 | 0 |
_a1990 Yılı Başında Türkiye Ekonomisi / _cErdoğan Özötün ; Osman N. Hazinedar, Bilal Kaya. |
| 264 |
_aİstanbul: _bSanayi Odası (İSO), _c1990 |
||
| 300 |
_a167 s.: _c23 cm |
||
| 336 |
_atext _2rdacontent |
||
| 337 |
_aunmediated _2rdamedia |
||
| 338 |
_avolume _2rdacarrier |
||
| 490 | 0 | _aİstanbul Sanayi Odası Araştırma Dairesi Yayın No: 1990/3 | |
| 650 | 0 | 0 |
_aEkonomik göstergeler _zTürkiye _vSüreli yayınlar _931190 |
| 651 |
_aTurkey _xEconomic conditions _y1960- _vPeriodicals _977153 |
||
| 942 | _cBK | ||